Reforma necesaria en la estructura del impuesto a las ganancias de Argentina (Registro nro. 29023)

Detalles MARC
000 -LEADER
fixed length control field 00401 a2200109 4500
001 - CONTROL NUMBER
control field ART_49700
005 - DATE AND TIME OF LATEST TRANSACTION
control field 20260410161936.0
008 - FIXED-LENGTH DATA ELEMENTS--GENERAL INFORMATION
fixed length control field 260409a
100 1# - MAIN ENTRY--PERSONAL NAME
Personal name Reig, Enrique Jorge
245 10 - TITLE STATEMENT
Title Reforma necesaria en la estructura del impuesto a las ganancias de Argentina
773 0# - HOST ITEM ENTRY
Title Anales de la Academia Nacional de Ciencias Económicas
Related parts - Vol. XLI, (1996) (ene. 1997)
Record control number REV25596

No hay ítems disponibles.